[Event "Campionato europeo 2007"]
[Site "Dresda GER"]
[Date "2007.04.11"]
[Round "8.4"]
[White "Nisipeanu, Liviu-Dieter"]
[Black "Roiz, Michael"]
[Result "1/2-1/2"]
[WhiteElo "2693"]
[BlackElo "2605"]
[PlyCount "144"]
[EventDate "2007.04.03"]
[Source "www.chesslib.no"]
[SourceDate "2004.05.04"]

1. d4 d5 2. Nf3 Nf6 3. c4 e6 4. g3 Bb4+ 5. Bd2 Be7 6. Bg2 c6 7. Qc2 b6 8. O-O O-O 9. Bf4 Bb7 10. Rd1 Nbd7 11. Nc3 Rc8 12. Ne5 Nh5 13. Be3 Nhf6 14. Bf4 Nh5 15. Bc1 Nhf6 16. e4 dxc4 17. Nxc4 b5 18. Ne3 Qb6 19. b3 Rfd8 20. Bb2 a6 21. a3 c5 22. d5 exd5 23. exd5 Re8 24. Ne4 Nxe4 25. Bxe4 h6 26. Bh7+ Kh8 27. Bf5 Rcd8 28. Bxd7 Rxd7 29. Qf5 Red8 30. Qxf7 Bg5 31. Qf5 Bxe3 32. fxe3 Bxd5 33. Rd2 Qe6 34. Qxe6 Bxe6 35. Rxd7 Rxd7 36. b4 Rd2 37. Bc3 Rc2 38. Be5 c4 39. h4 Re2 40. Bd4 Bd5 41. a4 c3 42. Bxc3 Rxe3 43. Bd4 Rxg3+ 44. Kf2 Rg4 45. Ke3 Rxh4 46. Rg1 Re4+ 47. Kd3 Re7 48. a5 Bc4+ 49. Kc3 Kh7 50. Rg3 Rf7 51. Re3 Bd5 52. Be5 g5 53. Kd4 Bf3 54. Kc5 h5 55. Kb6 g4 56. Kxa6 Re7 57. Bf4 Rxe3 58. Bxe3 g3 59. Bg5 Kg6 60. Bh4 g2 61. Bf2 Be2 62. Kb6 h4 63. a6 h3 64. Bg1 Kf5 65. a7 Bf3 66. Kxb5 Kf4 67. Bh2+ Ke3 68. Ka6 Kf2 69. b5 g1=Q 70. Bxg1+ Kxg1 71. b6 h2 72. b7 Bxb7+ 1/2-1/2

[Event "Dortmund"]
[Site "?"]
[Date "1995.??.??"]
[Round "?"]
[White "Lautier, J."]
[Black "Bareev, E."]
[Result "1/2-1/2"]
[WhiteElo "2645"]
[BlackElo "2650"]
[PlyCount "58"]
[EventDate "1995.??.??"]
[Source "ChessBase"]
[SourceDate "1995.06.01"]

1. d4 Nf6 2. c4 e6 3. g3 d5 4. Bg2 Bb4+ 5. Bd2 Be7 6. Nf3 c6 7. Qc2 Nbd7 8. O-O O-O 9. Bf4 Ne4 10. Nfd2 Nxd2 11. Nxd2 g5 12. Be3 f5 13. f3 Rf7 14. Bf2 Nf8 15. e4 Ng6 16. Rad1 a5 17. Nb1 dxe4 18. fxe4 e5 19. exf5 Bxf5 20. Qe2 exd4 21. Bxd4 Qd7 22. Bb6 Qe6 23. Nc3 Qxe2 24. Nxe2 Ne5 25. b3 Bg4 26. Rxf7 Nxf7 27. Bf1 Ne5 28. h3 Bf3 29. Bg2 Bxe2 1/2-1/2

[Event "Nationale I"]
[Site "Clermont Ferrand"]
[Date "2003.05.10"]
[Round "11.1"]
[White "Van Wely, Loek"]
[Black "Agrest, Evgenij"]
[Result "1-0"]
[WhiteElo "2675"]
[BlackElo "2591"]
[PlyCount "113"]
[EventDate "2003.05.07"]
[Source "Roberto Alvarez"]
[SourceDate "2003.05.12"]

1. d4 Nf6 2. c4 e6 3. Nf3 d5 4. g3 Nbd7 5. Bg2 c6 6. Qc2 Be7 7. O-O O-O 8. Rd1 b6 9. Nbd2 Bb7 10. e4 Rc8 11. e5 Ne8 12. cxd5 cxd5 13. Qb1 Qc7 14. Nf1 Qc2 15. Qxc2 Rxc2 16. h4 Nc7 17. Ne1 Rc6 18. Bg5 f6 19. exf6 gxf6 20. Bh6 Rc8 21. Ne3 b5 22. Nd3 b4 23. Nf4 Nb6 24. Re1 Re8 25. Bf3 Bd6 26. Rad1 Re7 27. Rd2 Ba6 28. b3 Rc3 29. Bg4 Rc6 30. Rdd1 Bb5 31. Rc1 Rc3 32. Rxc3 bxc3 33. Nxe6 Bd7 34. Nxc7 Bxg4 35. Nb5 Bb4 36. Rc1 Bf3 37. a3 a6 38. axb4 axb5 39. Rxc3 Ra7 40. g4 Be4 41. Kh2 Kf7 42. Kg3 Ra3 43. f3 Bb1 44. h5 Ke8 45. Bg7 Na4 46. Rc1 Rxb3 47. Nxd5 f5 48. Re1+ Kd7 49. g5 Kd6 50. Nf6 Nc3 51. Bf8+ Kc7 52. Kf4 Bd3 53. g6 hxg6 54. hxg6 Ne2+ 55. Ke5 Bc4 56. Rxe2 Bxe2 57. Nd5+ 1-0

[Event "Amsterdam"]
[Site "?"]
[Date "1989.??.??"]
[Round "?"]
[White "Timman, J."]
[Black "Short, N."]
[Result "1-0"]
[WhiteElo "2610"]
[BlackElo "2650"]
[PlyCount "83"]
[EventDate "1989.??.??"]
[Source "ChessBase"]
[SourceDate "1989.01.01"]

1. d4 Nf6 2. c4 e6 3. Nf3 d5 4. g3 Bb4+ 5. Bd2 Be7 6. Bg2 c6 7. Qc2 O-O 8. O-O b6 9. Bf4 Bb7 10. Nbd2 Nh5 11. Be3 Nd7 12. Rad1 Bd6 13. Nb3 Rc8 14. Bg5 f6 15. Bd2 f5 16. Nc1 c5 17. Ng5 Qe7 18. cxd5 Bxd5 19. Bxd5 exd5 20. Qd3 cxd4 21. Qf3 Nhf6 22. Qxf5 Nc5 23. Nf3 Na4 24. Bg5 Qe4 25. Qh3 Bc5 26. Bxf6 gxf6 27. Nd3 Rc7 28. Rd2 Rg7 29. Rc1 f5 30. Kf1 Bd6 31. Rc6 Bb8 32. Qh6 f4 33. Rf6 Re8 34. Nxf4 d3 35. Nxd3 Nc5 36. Nxc5 bxc5 37. Qh5 Re5 38. Qh3 d4 39. Qc8+ Re8 40. Qxc5 Be5 41. Qc4+ Kh8 42. Re6 1-0

[Event "France"]
[Site "?"]
[Date "1994.??.??"]
[Round "?"]
[White "Salov, V."]
[Black "Spassky, B."]
[Result "1-0"]
[WhiteElo "2685"]
[BlackElo "2565"]
[PlyCount "89"]
[EventDate "1994.??.??"]
[Source "ChessBase"]
[SourceDate "1994.02.01"]

1. Nf3 Nf6 2. c4 e6 3. g3 d5 4. Bg2 Be7 5. O-O O-O 6. d4 Nbd7 7. Qc2 c6 8. b3 b6 9. Rd1 Bb7 10. Nc3 Rc8 11. e4 Nxe4 12. Nxe4 dxe4 13. Qxe4 b5 14. Bf4 bxc4 15. bxc4 Qa5 16. Qc2 Ba8 17. c5 Nf6 18. Ne5 Nd5 19. Nc4 Qd8 20. Bd6 Bxd6 21. Nxd6 Rb8 22. Rab1 Qc7 23. Rxb8 Rxb8 24. Rb1 Rd8 25. Rb3 Nf6 26. Qb2 Ne8 27. Nc4 h6 28. Bf3 Kf8 29. Kg2 Nf6 30. a4 Ne8 31. a5 Qc8 32. h4 Nc7 33. Nd6 Qd7 34. Rb8 Na6 35. Rxd8+ Qxd8 36. Qd2 Kg8 37. Qf4 Qe7 38. Bh5 g6 39. Qxh6 Qf6 40. Bf3 Qxd4 41. Qg5 Nxc5 42. Qe7 Nd3 43. Qxf7+ Kh8 44. Qf8+ Kh7 45. Ne4 1-0

[Event "Istanbul (ol)"]
[Site "?"]
[Date "2000.??.??"]
[Round "?"]
[White "Van Wely, L."]
[Black "Jussupow, A."]
[Result "0-1"]
[WhiteElo "2640"]
[BlackElo "2610"]
[PlyCount "106"]
[EventDate "2000.??.??"]
[Source "Chess Informant"]
[SourceDate "2000.10.01"]

1. d4 Nf6 2. c4 e6 3. Nf3 d5 4. g3 Bb4+ 5. Bd2 Be7 6. Bg2 O-O 7. O-O c6 8. Qc2 Nbd7 9. Rd1 b6 10. Bf4 Bb7 11. Nc3 Nh5 12. Bc1 f5 13. Ne5 Rc8 14. cxd5 cxd5 15. Qa4 Nxe5 16. dxe5 a6 17. Be3 f4 18. Bd4 Rc4 19. Qxc4 dxc4 20. Bxb7 fxg3 21. hxg3 Qc7 22. Bf3 g6 23. Ne4 Ng7 24. b3 Nf5 25. Bb2 b5 26. Rac1 Qa5 27. bxc4 Qxa2 28. Rd2 Rd8 29. Rxd8+ Bxd8 30. cxb5 Qxb2 31. Rc8 axb5 32. Rxd8+ Kf7 33. Rd7+ Kf8 34. Rxh7 Qxe5 35. e3 Ne7 36. Kg2 b4 37. Nd2 Qb2 38. Nc4 Qc3 39. Nd6 Nf5 40. Rf7+ Kg8 41. Rd7 Nxd6 42. Rxd6 Kf7 43. Be4 b3 44. Rb6 Qc4 45. Kf3 Qf1 46. Rb4 b2 47. Bc2 Qc1 48. Bd3 Qd1+ 49. Ke4 Qg4+ 50. f4 Qf5+ 51. Kd4 Qd5+ 52. Kc3 Qc5+ 53. Bc4 Qxb4+ 0-1

[Event "FRA-chT1"]
[Site "Drancy"]
[Date "2002.02.01"]
[Round "1.2"]
[White "Van Wely, Loek"]
[Black "Spassky, Boris V"]
[Result "1-0"]
[WhiteElo "2697"]
[BlackElo "2551"]
[PlyCount "79"]
[EventDate "2002.02.??"]
[Source "ChessBase"]
[SourceDate "2002.03.14"]

1. d4 d5 2. c4 e6 3. Nf3 Nf6 4. g3 Bb4+ 5. Bd2 Be7 6. Bg2 O-O 7. O-O Nbd7 8. Qc2 c6 9. Rd1 b6 10. Bf4 Bb7 11. Nc3 Rc8 12. Ne5 Nh5 13. Bc1 f5 14. Qa4 Nxe5 15. dxe5 a6 16. Qb3 b5 17. cxd5 cxd5 18. Be3 f4 19. Bxf4 Rxf4 20. Nxd5 Bxd5 21. Bxd5 exd5 22. Rxd5 Qf8 23. Rd8+ Kh8 24. Rxf8+ Rfxf8 25. Rd1 Rc4 26. Rd7 Bc5 27. e3 g6 28. Qd1 Ng7 29. b3 Rc3 30. Qd5 Nf5 31. Qb7 Rc1+ 32. Kg2 Rc2 33. Rxh7+ Kg8 34. Rc7 Nxe3+ 35. Kh3 Rfxf2 36. Qc8+ Bf8 37. Qe6+ Kh8 38. Rxc2 Nxc2 39. Qxg6 Ne3 40. Qh5+ 1-0

[Event "Deutschland - Magyarorszag"]
[Site "?"]
[Date "2004.??.??"]
[Round "?"]
[White "Dautov, R."]
[Black "Gyimesi, Z."]
[Result "1-0"]
[WhiteElo "2620"]
[BlackElo "2615"]
[PlyCount "73"]
[EventDate "2004.??.??"]
[Source "Chess Informant"]
[SourceDate "2004.06.01"]

1. d4 Nf6 2. c4 e6 3. Nf3 d5 4. g3 Bb4+ 5. Bd2 Be7 6. Bg2 O-O 7. O-O c6 8. Qc2 b6 9. Bf4 Nbd7 10. Rd1 Bb7 11. Nc3 Rc8 12. b3 c5 13. cxd5 Nxd5 14. Nxd5 Bxd5 15. e4 cxd4 16. Qe2 Bb7 17. Nxd4 e5 18. Nf5 exf4 19. Qg4 Bf6 20. Rxd7 Bxa1 21. Rxd8 Rcxd8 22. e5 Bxe5 23. Bxb7 fxg3 24. hxg3 Bf6 25. Nh6+ Kh8 26. Qf4 Rd4 27. Qf5 Rd6 28. Kg2 b5 29. Be4 g6 30. Qxb5 Bg7 31. Qc5 Rb6 32. Qc1 f5 33. Bd5 Rbf6 34. Qg5 f4 35. g4 f3+ 36. Kh3 a5 37. a3 1-0

[Event "Jugoslavija 73/563"]
[Site "?"]
[Date "1998.??.??"]
[Round "?"]
[White "Atalik, Suat"]
[Black "Beliavsky, Alexander G"]
[Result "1/2-1/2"]
[WhiteElo "2585"]
[BlackElo "2645"]
[PlyCount "113"]
[EventDate "1998.??.??"]
[Source "ChessBase"]
[SourceDate "1998.06.01"]

1. d4 Nf6 2. c4 e6 3. g3 Bb4+ 4. Bd2 Be7 5. Bg2 d5 6. Nf3 c6 7. Qc2 O-O 8. O-O Nbd7 9. Bf4 b6 10. Rd1 Ba6 11. cxd5 cxd5 12. Nc3 b5 13. a3 Qb6 14. Ne5 Nxe5 15. Bxe5 Bb7 16. Qd3 Bc6 17. Rac1 a5 18. e4 b4 19. exd5 Nxd5 20. Nxd5 Bxd5 21. Bxd5 exd5 22. a4 Rfc8 23. b3 Rc6 24. Qf3 Rd8 25. Qf4 g5 26. Rxc6 Qxc6 27. Rc1 Qxa4 28. Qf5 Qd7 29. Qxd7 Rxd7 30. Rc8+ Rd8 31. Rc7 Kf8 32. Ra7 Rc8 33. g4 f6 34. Bg3 Rc1+ 35. Kg2 Rd1 36. Rxa5 Rxd4 37. Kf3 Rd3+ 38. Ke2 Rc3 39. Rxd5 Rxb3 40. Rd7 Ke8 41. Rc7 Ra3 42. Kd2 Ra6 43. Rb7 Kf7 44. h4 h6 45. hxg5 hxg5 46. Kd3 Ke6 47. Ke4 Rc6 48. f4 Rc4+ 49. Kf3 Rc3+ 50. Kg2 gxf4 51. Bxf4 b3 52. Kf2 Rc2+ 53. Ke3 Rc3+ 54. Kd4 Rf3 55. Ke4 Rh3 56. Be3 Rg3 57. Rxb3 1/2-1/2

[Event "POL-ch 59th"]
[Site "Warsaw"]
[Date "2002.05.10"]
[Round "11"]
[White "Krasenkow, Michal"]
[Black "Macieja, Bartlomiej"]
[Result "1/2-1/2"]
[WhiteElo "2641"]
[BlackElo "2584"]
[PlyCount "27"]
[EventDate "2002.04.29"]
[Source "ChessBase"]
[SourceDate "2002.08.12"]

1. d4 Nf6 2. c4 e6 3. g3 Bb4+ 4. Bd2 Be7 5. Bg2 d5 6. Nf3 O-O 7. O-O c6 8. Qc2 b6 9. Bg5 Nbd7 10. Re1 Bb7 11. Nc3 h6 12. Bxf6 Nxf6 13. Ne5 Nd7 14. Nxd7 1/2-1/2

[Event "Deutschland - Nederland"]
[Site "?"]
[Date "2000.??.??"]
[Round "?"]
[White "Dautov, R."]
[Black "Tiviakov, S."]
[Result "1/2-1/2"]
[WhiteElo "2605"]
[BlackElo "2605"]
[PlyCount "81"]
[EventDate "2000.??.??"]
[Source "Chess Informant"]
[SourceDate "2000.06.01"]

1. d4 Nf6 2. c4 e6 3. g3 d5 4. Nf3 Bb4+ 5. Bd2 Be7 6. Bg2 c6 7. Qc2 b6 8. Bf4 O-O 9. O-O Bb7 10. Rd1 Nbd7 11. Nc3 dxc4 12. Nd2 Nd5 13. Nxc4 Nxf4 14. gxf4 Qc7 15. e3 Rac8 16. Rab1 Nf6 17. b4 Nd5 18. a3 f5 19. Ne5 Bd6 20. Rbc1 Qe7 21. Qa4 a6 22. Qb3 g5 23. fxg5 Bxe5 24. dxe5 Qxg5 25. Kh1 Kh8 26. f4 Qh5 27. Nxd5 cxd5 28. Qb2 Rg8 29. Rg1 Rxc1 30. Rxc1 Rc8 31. Rxc8+ Bxc8 32. h3 Qe8 33. Qc2 Qd7 34. Qf2 Qd8 35. Kh2 Bd7 36. Bf3 a5 37. Qe1 Kg8 38. Bh5 Kf8 39. Bf3 Be8 40. bxa5 bxa5 41. Qc3 1/2-1/2

[Event "Hastings"]
[Site "?"]
[Date "1988.??.??"]
[Round "?"]
[White "Kortchnoi, V."]
[Black "Chandler, M."]
[Result "1/2-1/2"]
[WhiteElo "2595"]
[BlackElo "2610"]
[PlyCount "92"]
[EventDate "1988.??.??"]
[Source "ChessBase"]
[SourceDate "1989.01.01"]

1. d4 Nf6 2. c4 e6 3. g3 Bb4+ 4. Bd2 Be7 5. Bg2 d5 6. Nf3 O-O 7. O-O c6 8. Qc2 Nbd7 9. Bf4 Nh5 10. Bc1 f5 11. b3 Ndf6 12. e3 Bd7 13. Ba3 Bxa3 14. Nxa3 Ne4 15. Nb1 Be8 16. Ne5 Qg5 17. Nc3 Nhf6 18. Rae1 Qh6 19. f3 Ng5 20. Nd3 Bd7 21. Qc1 Nf7 22. Qa3 b6 23. Ne5 Be8 24. f4 Nxe5 25. dxe5 Nd7 26. Rd1 Nxe5 27. Nxd5 exd5 28. fxe5 Qxe3+ 29. Kh1 Qxe5 30. cxd5 c5 31. Qa6 Qd6 32. Rde1 Bd7 33. a4 h6 34. Re3 f4 35. gxf4 Rxf4 36. Rxf4 Qxf4 37. Re7 Rf8 38. Re1 Qd2 39. Rg1 Bf5 40. Qxa7 Qd4 41. Qe7 Bc2 42. Qe6+ Kh7 43. Re1 Rf4 44. Qxb6 Be4 45. Bxe4+ Rxe4 46. Rxe4 Qxe4+ 1/2-1/2

[Event "Europa ch 2008"]
[Site "Plovdiv BUL"]
[Date "2008.05.01"]
[Round "10.49"]
[White "Sakaev, Konstantin"]
[Black "Dizdar, Goran"]
[Result "1/2-1/2"]
[WhiteElo "2649"]
[BlackElo "2548"]
[PlyCount "43"]
[EventDate "2008.04.21"]
[Source "www.chesslib.no"]
[SourceDate "2004.05.04"]

1. d4 d5 2. c4 e6 3. Nf3 Nf6 4. g3 Bb4+ 5. Bd2 Be7 6. Bg2 O-O 7. O-O c6 8. Bf4 Nbd7 9. Qc2 a5 10. Rd1 h6 11. Ne5 Nh5 12. Bc1 Nhf6 13. Bf4 Nh5 14. Bc1 Nhf6 15. Nxd7 Bxd7 16. Nd2 c5 17. cxd5 exd5 18. dxc5 Rc8 19. Qd3 Re8 20. Nf1 Bxc5 21. Be3 Qb6 22. Bxc5 1/2-1/2

[Event "It (open)"]
[Site "Biel (Switzerland)"]
[Date "2007.08.03"]
[Round "11"]
[White "Rodshtein Maxim (ISR)"]
[Black "Vitiugov Nikita (RUS)"]
[Result "1/2-1/2"]
[WhiteElo "2586"]
[BlackElo "2608"]
[PlyCount "118"]
[EventDate "2007.??.??"]
[Source "www.chesslib.no"]
[SourceDate "2004.05.04"]

1. d4 d5 2. c4 e6 3. Nf3 Nf6 4. g3 Bb4+ 5. Bd2 Be7 6. Bg2 O-O 7. O-O Nbd7 8. Qc2 c6 9. Rd1 b6 10. Bf4 Ba6 11. b3 Rc8 12. Nc3 Qe8 13. e4 dxc4 14. bxc4 Bxc4 15. Nd2 Ba6 16. Qa4 Bd3 17. Ndb1 b5 18. Qxa7 Bc4 19. Nd2 Bd3 20. Nf1 Bxf1 21. Kxf1 b4 22. Ne2 c5 23. e5 Nd5 24. Bxd5 exd5 25. Qb7 cxd4 26. Nxd4 Bc5 27. Qxd5 Nb6 28. Qf3 Qd7 29. Nb3 Qb5+ 30. Kg2 Na4 31. Nd4 Bxd4 32. Rxd4 Nc3 33. a3 bxa3 34. Rxa3 Ne2 35. Re4 Nxf4+ 36. Qxf4 Ra8 37. Rf3 Ra1 38. Rc4 Qd5 39. Rd4 Qa8 40. Rd7 Qe8 41. Qd4 Ra8 42. h4 h6 43. Rb3 Ra5 44. Re3 Qe6 45. Qd6 Ra6 46. Qxe6 Rxe6 47. f4 Rfe8 48. Rc3 R6e7 49. Rxe7 Rxe7 50. Rc8+ Kh7 51. Kf3 h5 52. Ke4 g6 53. Rc3 Kg7 54. f5 gxf5+ 55. Kxf5 Re6 56. Rf3 Rg6 57. Ke4 Rg4+ 58. Ke3 Ra4 59. Rf5 Kg6 1/2-1/2

[Event "Luzern 71/523"]
[Site "?"]
[Date "1997.??.??"]
[Round "?"]
[White "Kozul, Zdenko"]
[Black "Lputian, Smbat G"]
[Result "0-1"]
[WhiteElo "2605"]
[BlackElo "2585"]
[PlyCount "88"]
[EventDate "1997.??.??"]
[Source "ChessBase"]
[SourceDate "1997.10.01"]

1. d4 d5 2. c4 e6 3. Nf3 Nf6 4. g3 c6 5. Qc2 Nbd7 6. Bg2 Be7 7. O-O O-O 8. b3 b6 9. Bb2 Ba6 10. Rd1 Rc8 11. Nc3 Qc7 12. e4 dxc4 13. Qe2 b5 14. bxc4 b4 15. Nb1 Nb6 16. Nbd2 Na4 17. Rab1 c5 18. Rdc1 Rfd8 19. dxc5 Nxb2 20. Rxb2 Qxc5 21. Rbc2 Nd7 22. Nb3 Qc7 23. Nfd4 Ne5 24. Bf1 Rd7 25. Nb5 Qb8 26. Qe3 Rcd8 27. Kg2 h6 28. N5d4 Rxd4 29. Nxd4 Bc5 30. Rd1 Qd6 31. Rcd2 Qb6 32. f4 Nxc4 33. Bxc4 Bxc4 34. Kh3 a5 35. e5 Ba6 36. Qe4 Bb7 37. Qe3 a4 38. f5 exf5 39. e6 Be4 40. exf7+ Kxf7 41. Qe2 g5 42. g4 Bxd4 43. Qc4+ Bd5 44. Qxd4 fxg4+ 0-1

[Event "NED-chT"]
[Site "NED"]
[Date "2000.04.30"]
[Round "8"]
[White "Hracek, Zbynek"]
[Black "Tiviakov, Sergei"]
[Result "1-0"]
[WhiteElo "2620"]
[BlackElo "2567"]
[PlyCount "83"]
[EventDate "2000.02.05"]
[Source "www.chesslib.no"]
[SourceDate "2004.05.04"]

1. d4 Nf6 2. c4 e6 3. g3 d5 4. Bg2 Bb4+ 5. Bd2 Be7 6. Nf3 O-O 7. O-O c6 8. Qc2 b6 9. Bf4 Bb7 10. Rd1 Nbd7 11. Nc3 Rc8 12. b3 Ba6 13. e4 dxc4 14. Nd2 c5 15. d5 e5 16. Be3 Ng4 17. bxc4 Nxe3 18. fxe3 Bg5 19. Qd3 h5 20. Nf3 Bh6 21. Bh3 Re8 22. a4 Rb8 23. Nb5 Bxb5 24. axb5 Rb7 25. Bxd7 Rxd7 26. Ra2 Qc8 27. Rda1 Ree7 28. h3 Rd6 29. Kh2 Qb8 30. Rg2 Rf6 31. Rf1 g6 32. g4 hxg4 33. hxg4 Rd6 34. g5 Bg7 35. Kg1 Kf8 36. Nh2 Qd8 37. Qe2 Rc7 38. Qg4 Qc8 39. Qh4 a6 40. Ng4 axb5 41. Qh7 bxc4 42. Nf6 1-0

[Event "Russia (ch)"]
[Site "?"]
[Date "1996.??.??"]
[Round "?"]
[White "Bareev, E."]
[Black "Balashov, Y."]
[Result "1-0"]
[WhiteElo "2655"]
[BlackElo "2530"]
[PlyCount "63"]
[EventDate "1996.??.??"]
[Source "ChessBase"]
[SourceDate "1996.10.01"]

1. d4 Nf6 2. c4 e6 3. Nf3 d5 4. g3 Bb4+ 5. Bd2 Be7 6. Bg2 O-O 7. O-O c6 8. Qc2 Nbd7 9. Bf4 Nh5 10. Bc1 f5 11. b3 g5 12. e3 g4 13. Ne5 Nxe5 14. dxe5 Ng7 15. Nc3 h5 16. Bb2 h4 17. Rad1 Qe8 18. f3 hxg3 19. hxg3 Qg6 20. Ne2 Bd7 21. Nf4 Qg5 22. Kf2 Kf7 23. Rh1 Rh8 24. fxg4 fxg4 25. e4 Bc5+ 26. Ke2 Rxh1 27. Rxh1 d4 28. Qd2 Qxe5 29. b4 Nf5 30. Kf2 d3+ 31. bxc5 Qxc5+ 32. Ke1 1-0

[Event "Active"]
[Site "Active, Munich"]
[Date "1991.??.??"]
[Round "?"]
[White "Khalifman, Alexander V"]
[Black "Lobron, Eric"]
[Result "0-1"]
[WhiteElo "2640"]
[BlackElo "2545"]
[PlyCount "67"]
[EventDate "1991.??.??"]
[Source "www.chesslib.no"]
[SourceDate "2004.05.04"]

1. d4 Nf6 2. Nf3 e6 3. c4 d5 4. g3 Bb4+ 5. Bd2 Be7 6. Bg2 O-O 7. O-O c6 8. Bf4 Nbd7 9. Qc2 b6 10. cxd5 cxd5 11. Nc3 Bb7 12. Rfc1 Rc8 13. Qb3 a6 14. Ne5 b5 15. a4 b4 16. Na2 Qb6 17. Qd1 Nxe5 18. Bxe5 a5 19. Rxc8 Rxc8 20. Rc1 Rc4 21. b3 Rxc1 22. Nxc1 Ne4 23. Bxe4 dxe4 24. Qc2 Bd8 25. Qc5 Qxc5 26. dxc5 f6 27. Bd6 Kf7 28. Kf1 e5 29. Ke1 Ke6 30. Kd2 Kd5 31. Bf8 g6 32. f3 f5 33. f4 exf4 34. gxf4 0-1

[Event "Campionato europeo 2007"]
[Site "Dresda GER"]
[Date "2007.04.04"]
[Round "2"]
[White "Avrukh, Boris"]
[Black "Neverov, Valeriy"]
[Result "1-0"]
[WhiteElo "2644"]
[BlackElo "2540"]
[PlyCount "79"]
[EventDate "2007.04.03"]
[Source "www.chesslib.no"]
[SourceDate "2004.05.04"]

1. d4 d5 2. c4 e6 3. Nf3 Nf6 4. g3 Bb4+ 5. Bd2 Be7 6. Bg2 O-O 7. O-O c6 8. Qc2 Nbd7 9. Rd1 b6 10. Bf4 Bb7 11. Nc3 Nh5 12. Bc1 Nhf6 13. b3 Rc8 14. e4 c5 15. dxc5 dxc4 16. b4 bxc5 17. b5 Qc7 18. Bf4 e5 19. Be3 Rfd8 20. Nd2 Ng4 21. a4 Nxe3 22. fxe3 Bg5 23. Re1 a6 24. a5 axb5 25. Nxb5 Qb8 26. Nxc4 Ba6 27. Nbd6 Rc6 28. Rab1 Qa8 29. Bh3 Nf6 30. Nxf7 Kxf7 31. Nxe5+ Kg8 32. Nxc6 Qxc6 33. Rb6 Qa8 34. e5 Qf3 35. Bg2 Bxe3+ 36. Kh1 Qf2 37. Qxf2 Bxf2 38. Reb1 Bd3 39. Rb8 Rf8 40. exf6 1-0

[Event "It Open"]
[Site "It (open)"]
[Date "1991.??.??"]
[Round "?"]
[White "Razuvaev, Yuri S"]
[Black "Vaganian, Rafael A"]
[Result "1/2-1/2"]
[WhiteElo "2585"]
[BlackElo "2585"]
[PlyCount "111"]
[EventDate "1991.??.??"]
[Source "www.chesslib.no"]
[SourceDate "2004.05.04"]

1. d4 Nf6 2. c4 e6 3. g3 Bb4+ 4. Bd2 Be7 5. Bg2 d5 6. Nf3 O-O 7. O-O c6 8. Qc2 Nbd7 9. Bf4 Nh5 10. Bc1 f5 11. b3 Ndf6 12. Ba3 Bxa3 13. Nxa3 Ne4 14. e3 Nhf6 15. Ne5 Bd7 16. f3 Ng5 17. Qb2 Nf7 18. b4 Be8 19. b5 cxb5 20. Nxb5 Qb6 21. Rab1 Nxe5 22. dxe5 Qxe3+ 23. Kh1 Bxb5 24. Rfe1 Qh6 25. Qxb5 Nh5 26. Kg1 dxc4 27. f4 g5 28. fxg5 Qxg5 29. Qxc4 f4 30. Rb3 Kh8 31. Qxe6 fxg3 32. hxg3 Qd2 33. Rbe3 Nxg3 34. Qh3 Rg8 35. Kh2 Nf5 36. R1e2 Rxg2+ 37. Qxg2 Nxe3 38. Rxd2 Nxg2 39. Kxg2 Re8 40. Rd5 Re7 41. Kf3 Kg7 42. Kf4 Rf7+ 43. Ke4 Rf2 44. Rd7+ Kg6 45. Rxb7 Rxa2 46. e6 h5 47. e7 Kf7 48. Kf4 a5 49. Kg5 a4 50. Ra7 a3 51. Kh4 Ra1 52. Kh3 h4 53. Kg2 a2 54. Kh2 h3 55. Ra8 Kxe7 56. Ra7+ 1/2-1/2

[Event "CCA-ICC Open"]
[Site "?"]
[Date "2005.05.12"]
[Round "3"]
[White "Mikhalevski Victor"]
[Black "Kacheishvili Giorgi"]
[Result "1-0"]
[WhiteElo "2572"]
[BlackElo "2597"]
[PlyCount "67"]
[EventDate "2005.??.??"]
[Source "www.chesslib.no"]
[SourceDate "2004.05.04"]

1. d4 Nf6 2. c4 e6 3. g3 Bb4+ 4. Bd2 Be7 5. Bg2 d5 6. Nf3 O-O 7. O-O c6 8. Qc2 b6 9. Bf4 Bb7 10. Rd1 Nbd7 11. Nc3 Rc8 12. b3 c5 13. cxd5 Nxd5 14. Nxd5 Bxd5 15. e4 cxd4 16. Qe2 Bb7 17. Nxd4 Qe8 18. Nb5 Ba6 19. a4 Nb8 20. e5 Rc5 21. Qg4 f5 22. exf6 Bxf6 23. Nd6 Qe7 24. Ne4 e5 25. Nxc5 exf4 26. Nxa6 Nxa6 27. Rac1 fxg3 28. hxg3 Nc5 29. a5 Kh8 30. axb6 axb6 31. b4 Na4 32. Rc8 Nc3 33. Rxf8+ Qxf8 34. Re1 1-0